La sabiduría y la profecía: modelos teológicos
Wedi'i Gadw mewn:
| Prif Awdur: | |
|---|---|
| Fformat: | Llyfr |
| Iaith: | Sbaeneg |
| Cyhoeddwyd: |
Salamanca
Ediciones Sígueme
2007
|
| Rhifyn: | 1a. ed |
| Cyfres: | Verdad e Imagen Minor, 22
|
| Pynciau: | |
| Tagiau: |
Ychwanegu Tag
Dim Tagiau, Byddwch y cyntaf i dagio'r cofnod hwn!
|
MARC
| LEADER | 00000cam a2200000 a 4500 | ||
|---|---|---|---|
| 001 | UCE1458 | ||
| 003 | CL-VaPUC | ||
| 008 | 140414e20070000sp |||||||||||||||||spa|d | ||
| 020 | |a 9788430116669 | ||
| 082 | 0 | 4 | |a 212.6 |b LAF |2 21 |
| 100 | |a Lafont, Ghislain |e author |9 573760 | ||
| 245 | 1 | 3 | |a La sabiduría y la profecía: modelos teológicos |
| 250 | |a 1a. ed | ||
| 300 | |a 140 p | ||
| 942 | |c BK | ||
| 945 | |d 20140414 |a dcastane | ||
| 260 | |a Salamanca |b Ediciones Sígueme |c 2007 | ||
| 650 | 7 | |a SABIDURIA |2 CL-VaPUC |9 333169 | |
| 650 | 7 | |a SAPIENCIA |2 CL-VaPUC |9 535714 | |
| 583 | |a last modification |c 20140424 12:05:08 |k Rodrigo Vera | ||
| 490 | 0 | |a Verdad e Imagen Minor, 22 | |
| 999 | |c 355239 |d 355237 | ||
| 952 | |0 0 |1 2 |3 erb |4 0 |6 212_600000000000000_LAF_2007 |7 0 |8 A |9 461793 |a BIBTEO |b BIBTEO |i 5068053 |o 212.6 LAF 2007 |p 5068053 |r 2019-11-23 |w 2019-11-23 |y BK |z Catalogado en:20140414 |k ICR | ||